| 000 | 00495nam a22001937a 4500 | ||
|---|---|---|---|
| 005 | 20190327135924.0 | ||
| 008 | 190327b xxu||||| |||| 00| 0 eng d | ||
| 020 |
_a9781408845127 _cRs. 499.00 |
||
| 040 | _aLoreto College | ||
| 041 | _aEnglish | ||
| 082 |
_aF _bJAC |
||
| 100 | _aJaccobson, Howard | ||
| 245 |
_aThe dog's last walk _cHoward Jacobson |
||
| 260 |
_aLondon _bBloomsbury publishing _c2018 |
||
| 300 |
_a285 p. _b24 cm. |
||
| 650 | _aFiction | ||
| 850 | _aLCLIB | ||
| 942 | _cBK | ||
| 999 |
_c42034 _d92513 |
||